000
00346cam a2200157ua 4500
001
401
008
131227n II |||gr||||Z||||||eng
040
_a
MAIN
041
_a
English
082
_a
823 WEL
100
_a
WELL , ARTHUR S MAX.
245
_a
BED TIME STORIES ( 30 IN SERIES)
300
_c
18CM.
653
_a
English fiction
942
_c
BK
999
_c
401
_d
401